| 000 | 00409pam a2200169 a 4500 | ||
|---|---|---|---|
| 020 |
_a9788125017424 _c |
||
| 041 | _h | ||
| 082 |
_a576 _bANA |
||
| 100 | _aAnanthanarayan, R. | ||
| 245 |
_aTextbook of Microbiology _hTextual Documents |
||
| 250 | _a6th ed. | ||
| 260 |
_aChennai _bOrient Longman Private Ltd. _c2003 |
||
| 300 | _a612. | ||
| 653 | _aMicrobiology | ||
| 700 | _aPaniker, C K J. | ||
| 930 | _a332 | ||
| 999 |
_c73647 _d73647 |
||